000 01162nam a2200313 a 4500
001 000017139
003 DO-SdBNP
005 20250206141537.0
007 ta
008 100318s2007 dr 000 p spa d
020 _a9789945420272
040 _aDO-SdBNP
_bspa
_cBNPHU
_erda
082 4 _aRD861.44
_bT835p
_222
245 0 0 _aTRIpages :
_bpoesía de Azua en tres distancias /
_cselección y prólogo, Rannel Báez ; cuidado edición, Willian Mejía.
260 _aSan Francisco de Macorís, República Dominicana :
_bÁngeles de Fierro,
_bNacional,
_c2007.
300 _a141 páginas ;
_c21 cm.
336 _atexto
_btxt
_2rdacontent
337 _asin mediación
_bn
_2rdamedia
338 _avolumen
_bnc
_2rdacarrier
500 _aIncluye datos biográficos del autor en las solapas.
590 _aInventariado, 2019/LP
650 4 _aPoesía dominicana
_966
650 4 _aLiteratura dominicana.
_967
700 1 _aBáez, Rannel,
_eprologuista
_4pr.
_934413
700 1 _aMejía, Willian,
_eeditor
_4ed.
_937743
710 1 _aRepública Dominicana.
_bSecretaría de Estado de Cultura.
_96453
910 _aValidado. Control de calidad MFF
942 _2ddc
_cLBS1
999 _c16665
_d16665